LEADER 01038nam0-22003371--450- 001 990006058220403321 005 20110316112619.0 010 $a88-7061-939-7 035 $a000605822 035 $aFED01000605822 035 $a(Aleph)000605822FED01 035 $a000605822 100 $a20000112d1989----km-y0itay50------ba 101 0 $aita 102 $aIT 105 $ay-------101yy 200 1 $a<>minori e il carcere$eatti del Convegno di Trento-Merano (19-22 marzo 1987) e degli Incontri di studio di Torino (2,9,16 giugno 1988)$fa cura di Piercarlo Pazé 210 $aMilano$cUNICOPLI$d1989 215 $a309 p.$d24 cm 225 1 $aQuaderni dell'Associazione italiana dei giudici per i minorenni$v7 676 $a365$v20$zita 702 1$aPazé,$bPiercarlo 801 0$aIT$bUNINA$gRICA$2UNIMARC 901 $aBK 912 $a990006058220403321 952 $aCong. M 25$b10104*$fFGBC 952 $a3-25(7)$b1011$fDSPCP 959 $aDSPCP 959 $aFGBC 996 $aMinori e il carcere$9578391 997 $aUNINA LEADER 02052nam0 22004573i 450 001 VIA0081897 005 20251003044440.0 010 $a8815075976 010 $a9788815075970 100 $a20160202d2000 ||||0itac50 ba 101 | $aita$cita 102 $ait 181 1$6z01$ai $bxxxe 182 1$6z01$an 183 1$6z01$anc$2RDAcarrier 200 1 $aErgonomia$elavoro, sicurezza e nuove tecnologie$fa cura di Giuseppe Mantovani 210 $aBologna$cIl mulino$d2000 215 $a282 p.$cill.$d22 cm. 225 | $aStrumenti$i. Psicologia 410 0$1001CFI0004583$12001 $aStrumenti$i. Psicologia 500 11$aErgonomia$3UDA0247502$9699893 606 $aErgonomia$2FIR$3CFIC027609$9E 606 $aInterazione uomo-elaboratore$2FIR$3CFIC048591$9E 676 $a004.01$9ELABORAZIONE DEI DATI, SCIENZA DEGLI ELABORATORI, INFORMATICA. Filosofia e teoria$v21 676 $a004.019$9Interazione uomo-elaboratore.$v19 676 $a620.82$9Ergonomia$v19 676 $a620.82$9ERGONOMIA$v21 696 $aInterazione uomo-computer$aInterazione uomo-macchina 699 $aInterazione uomo-elaboratore$yInterazione uomo-computer 699 $aInterazione uomo-elaboratore$yInterazione uomo-macchina 702 1$aMantovani$b, Giuseppe$f <1942- >$3CFIV001313 801 3$aIT$bIT-000000$c20160202 850 $aIT-BN0095 $aIT-NA0079 $aIT-AV0045 901 $bNAP BN$cS.MOD $nLa consegna dei documenti č effettuata dall'Ufficio Distribuzione 901 $bNAP MV$cP $nSALA BIBLIOGRAFIA 901 $bNAP 01$cPOZZO LIB.$nVi sono collocati fondi di economia, periodici di ingegneria e scienze, periodici di economia e statistica e altri fondi comprendenti documenti di economia pervenuti in dono. 912 $aVIA0081897 950 0$aBiblioteca Centralizzata di Ateneo$c1 v.$d 01POZZO LIB.ECON MON 5684$e 0101 0000286245E VMA 1 v.$fB $h20210408$i20210408 977 $a 01$a BN$a MV 996 $aErgonomia$9699893 997 $aUNISANNIO